Państwa po trzech sąsiadach #4 - Statystyki

Ogólne statystyki
  • Ten quiz został rozwiązany 46 razy
  • Średni wynik to 11 z 15
Statystyki odpowiedzi
Sąsiedzi Państwo % Poprawnych
UkrainaWęgry Bułgaria Rumunia
93%
BułgariaAlbania Macedonia Północna Grecja
90%
ArgentynaBoliwia Peru Chile
88%
FinlandiaEstonia Polska Rosja
88%
Zjednoczone Emiraty ArabskieJemen Arabia Saudyjska Oman
83%
KolumbiaGujana Brazylia Wenezuela
83%
RosjaUzbekistan Chiny Kazachstan
79%
WłochyNiemcy Słowacja Austria
76%
LaosNepal Kirgistan Chiny
76%
PakistanArmenia Irak Iran
69%
MarokoMali Senegal Mauretania
69%
NamibiaZambia Demokratyczna Republika Konga Angola
67%
Burkina FasoBenin Ghana Togo
67%
LibiaSudan Nigeria Niger
64%
MozambikUganda Kenia Tanzania
55%
Nie znaleziono quizów pasujących do podanych kryteriów
Rozkład punktacji
Procent ludzi z każdym wynikiem
Percentyl według liczby udzielonych odpowiedzi
Twoja historia wyników
Nie rozwiązałeś tego quizu